01082nam a2200301Ia 450000500170000000800410001702000340005802000300009210000300012224500970015225000360024930000250028549000460031053400520035665000360040865000410044465000330048565000440051870000280056294200150059026400260060533600270063133700330065833800280069104000350071908400110075499900150076520220317001406.0161108s2011 sp g 000 0 spa  a9788420600000 (obra completa) a9788420653631 (volumen 6)1 aProust, Marceld1871-192210aEn busca del tiempo perdido, 6bla fugitivacMarcel Proust ; traducción de Consuelo Berges a3a. ediciónb1a reimpresión a348 páginasc18 cm aEl libro de bolsillopbiblioteca de autor tÁ la recherche du temps perdu, 6. La fugitive142LEMBaNovela francesaySiglo XX142LEMBaLiteratura francesa ySiglo XX142LEMBaAmor en la literatura 142LEMBaExistencialismo en la literatura 1 aBerges, Consuelo972021 2loccBKLIT aMadridbAlianzac2011 atextobtxt2rdacontent asin mediaciónbn2rdamedia avolumenbnc2rdacarrier aCO-BoRNBPbspaerdacCO-BoRNBP aN PRO1 c6832d6832